Every Genre of Rock, Punk, and Metal - Statistics

General Stats
  • This quiz has been taken 23 times
  • The average score is 64 of 185
Answer Stats
Origin Explanation Artists Genre % Correct
Early 1980s Heavy Metal with dark, atmospheric soundscapes and shrieking or screaming vocals Mayhem, Mercyful Fate, Hellhammer Black Metal
81%
Mid 1970s Garage Rock with a raw sound, fast paced rhythms and lyrics about social critique and rebellion Ramones, The Clash, Sex Pistols Punk Rock
81%
Mid 1980s Heavy Metal with fast tempo, aggressive sounds and growling vocals Possessed, Obituary, Deicide Death Metal
76%
Late 1960s Rock with an aggressive sound, heavy electric guitar and fast drumming, and loud vocals Led Zeppelin, Black Sabbath, Iron Maiden Heavy Metal
76%
Mid 1990s Mix of Punk Rock and Pop Rock Green Day, Blink-182, Sum 41 Pop Punk
76%
Late 1970s Punk Rock with a more aggressive sound Black Flag, Minor Threat, Bad Brains Hardcore Punk
71%
Mid 1990s Heavy Metal that incorporates Rap Metal, Industrial Metal, or Grunge Linkin Park, System of a Down, Slipknot Nu Metal
71%
Late 1970s Mix of Punk Rock and Art Rock with gloomy sounds and themes U2, Joy Division, Simple Minds Post Punk
71%
Mid 1980s Hardcore Punk with an emphasis on emotional lyrics Jimmy Eat World, Sunny Day Real Estate, The Promise Ring Emo
67%
Mid 1980s Mix of Heavy Metal and Punk Rock that talks about sad topics Nirvana, Soundgarden, Stone Temple Pilots Grunge
67%
Late 1950s Mix of Rock and Pop music Fleetwood Mac, The Monkees, Hall & Oates Pop Rock
67%
Early 1980s Heavy Metal with fast shredding guitar and complex arrangements Metallica, Slayer, Megadeth Thrash Metal
67%
Early 1970s Heavy Metal with a slow tempo, heavy distortion, and a dark atmosphere Candlemass, Saint Vitus, Pentagram Doom Metal
62%
Early 2000s Mix of Hardcore Punk and Heavy Metal Bring Me the Horizon, Killswitch Engage, As I Lay Dying Metalcore
62%
Late 1940s Music with an emphasis on rhythm and beat, uses electric guitars, bass, and drums, and lyrics about love Bill Haley & His Comets, Chuck Berry, Little Richard Rock and roll
62%
Late 1990s Indie Rock with distorted soundscapes and quiet, ethereal vocals My Bloody Valentine, Slowdive, The Jesus and Mary Chain Shoegaze
62%
Late 1960s Mix of Rock and Country, usually acoustic guitar Eagles, The Everly Brothers, Nitty Gritty Dirt Band Country Rock
57%
Mid 2000s Mix of Metalcore and Death Metal Suicide Silence, Whitechapel, Lorna Shore Deathcore
57%
Early 1960s Mix of Rock and Folk music Bob Dylan, The Byrds, Buffalo Springfield Folk Rock
57%
Mid 1980s Mix of Heavy Metal and Industrial Rock Nine Inch Nails, Ministry, Fear Factory Industrial Metal
57%
Mid 1970s Mix of Pop Rock, Punk Rock, and Art Rock Blondie, Billy Idol, Elvis Costello New Wave
57%
Mid 1980s Mix of Heavy Metal and Progressive Rock Tool, Dream Theater, Queensrÿche Progressive Metal
57%
Mid 1990s Mix of Punk Rock and Ska music Sublime, No Doubt, The Mighty Mighty Bosstones Ska Punk
57%
Early 1960s Mix of Rock and Blues music The Rolling Stones, The Yardbirds, The Animals Blues Rock
52%
Early 1990s Mix of Heavy Metal and Folk Rock Finntroll, Ensiferum, Korpiklaani Folk Metal
52%
Early 1970s Hard Rock influenced by theatrical and androgynous fashion Queen, David Bowie, T. Rex Glam Rock
52%
Mid 1980s Mix of Speed Metal and Hardcore Punk with extreme speed and growling vocals Napalm Death, Pig Destroyer, Agoraphobic Nosebleed Grindcore
52%
Mid 1960s Rock with distorted electric guitars, riffs and solos, energetic vocals, and strong bass lines and drum beats Aerosmith, AC/DC, Deep Purple Hard Rock
52%
Early 1990s Death Metal with an emphasis on melodies Children of Bodom, At the Gates, In Flames Melodic Death Metal
52%
Mid 1980s Hardcore Punk music with a more diverse sound and emotional lyrics The Used, At the Drive-In, Fugazi Post Hardcore
52%
Mid 1960s Rock with lengthy and complex compositions, unconventional time signatures and storytelling lyrics Genesis, Yes, King Crimson Progressive Rock
52%
Late 1970s Heavy Metal with an emphasis on fast tempo and harsh vocals Motörhead, Venom, Anvil Speed Metal
52%
Early 1990s Mix of Black Metal and Ambient music Agalloch, Darkspace, Mortiis Ambient Black Metal
48%
Early 1980s Mix of Anarcho Punk and Post Punk Discharge, Amebix, Antisect Crust Punk
48%
Late 1950s Rock with raw guitar and quality and lyrics about rebellion The Kinks, The Kingsmen, The 13th Floor Elevators Garage Rock
48%
Late 1970s Mix of Heavy Metal and Glam Rock Def Leppard, Mötley Crüe, Twisted Sister Glam Metal
48%
Early 1990s Mix of Heavy Metal and Gothic Rock Type O Negative, Paradise Lost, Theatre of Tragedy Gothic Metal
48%
Late 1970s Post Punk with gothic themes The Cure, Siouxsie and the Banshees, Bauhaus Gothic Rock
48%
Late 1970s Punk Rock with themes of horror culture Misfits, Murderdolls, Son of Sam Horror Punk
48%
Early 1980s Rock with a DIY ethos outside of the mainstram sound Modest Mouse, Neutral Milk Hotel, Wilco Indie Rock
48%
Early 2000s Mix of Metalcore and Math Rock The Dillinger Escape Plan, Converge, Botch Mathcore
48%
Late 1980s Heavy metal about pirates, uses accordions and sea shanties Alestorm, Swashbuckle, The Dread Crew of Oddwood Pirate Metal
48%
Late 1980s Heavy metal music with an emphasis on melodies and operatic lyrics about fantasy Helloween, DragonForce, Blind Guardian Power Metal
48%
Mid 1960s Rock with experimental soundscapes influenced by being under the influence of psychedelics Grateful Dead, Cream, Jefferson Airplane Psychedelic Rock
48%
Late 1970s Mix of Punk Rock and Rockabilly The Cramps, The Meteors, Tiger Army Psychobilly
48%
Late 1980s Mix of Heavy Metal and Hip Hop music Rage Against the Machine, Limp Bizkit, Kid Rock Rap Metal
48%
Early 1990s Punk Rock with feminist themes Bikini Kill, Le Tigre, Jack Off Jill Riot Grrrl
48%
Late 1970s Mix of Punk Rock and Art Rock Television, Wire, XTC Art Punk
43%
Early 1990s Mix of Black Metal and Death Metal Belphegor, Behemoth, Akercocke Blackened Death Metal
43%
Early 1990s Mix of Black Metal and Rock N' Roll Darkthrone, Carpathian Forest, Kvelertak Black 'n' roll
43%
Mid 1990s Mix of Heavy Metal and Celtic Rock Cruachan, Primordial, Waylander Celtic Metal
43%
Late 1960s Mix of Rock and Celtic music Horslips, Moving Hearts, The Waterboys Celtic Rock
43%
Late 1970s Mix of Dance Rock and Punk Rock Talking Heads, Gang of Four, Defunkt Dance Punk
43%
Mid 1990s Progressive Metal with distorted guitar and complex rhythms Meshuggah, Monuments, Volumes Djent
43%
Early 1980s Mix of Punk Rock and Folk Rock Violent Femmes, The Men They Couldn't Hang, The Front Bottoms Folk Punk
43%
Late 1960s Mix of Rock and Funk music Red Hot Chili Peppers, Wild Cherry, Parliament-Funkadelic Funk Rock
43%
Late 1960s Mix of Rock and Jazz music Chicago, Blood, Sweat & Tears, Soft Machine Jazz Rock
43%
Late 1950s Mix of Rock and Latin music Santana, Soda Stereo, Café Tacvba Latin Rock
43%
Late 1990s Indie Rock with atypical rhythmic structures and odd time signatures Slint, Battles, toe Math Rock
43%
Early 2000s Metalcore with an emphasis on melodies Bullet for My Valentine, Trivium, Ice Nine Kills Melodic Metalcore
43%
Early 1990s Heavy Metal with pagan themes Moonsorrow, Arkona, Týr Pagan Metal
43%
Mid 1990s Grunge with a more polished, guitar-driven sound and angsty lyrics Foo Fighters, Nickelback, Creed Post Grunge
43%
Mid 2000s Mix of Metalcore and Progressive Metal ERRA, Periphery, Between the Buried and Me Progressive Metalcore
43%
Late 1960s Garage Rock with an emphasis on anti-establishment themes and aggressive sounds The Stooges, MC5, The Sonics Proto Punk
43%
Mid 1980s Mix of Rock and Hip Hop music Beastie Boys, Gym Class Heroes, Crazy Town Rap Rock
43%
Early 1950s Mix of Rock and Western Music Elvis Presley, The Crickets, Jerry Lee Lewis Rockabilly
43%
Late 1990s Emo with mainly screaming vocals Orchid, Pageninetynine, Saetia Screamo
43%
Late 1950s Rock with reverb heavy guitar and little to no vocals The Beach Boys, Dick Dale, The Trashmen Surf Rock
43%
Early 1990s Mix of Symphonic Metal and Black Metal Cradle of Filth, Dimmu Borgir, Emperor Symphonic Black Metal
43%
Early 1990s Heavy Metal with orchestral elements Nightwish, Epica, Therion Symphonic Metal
43%
Late 1970s Hardcore Punk with an emphasis on anarchist politics and ideology Crass, Chumbawamba, Poison Girls Anarcho Punk
38%
Early 1990s Mix of Black Metal and Atmospheric music Burzum, Summoning, Empyrium Atmospheric Black Metal
38%
Early 2000s Mix of Black Metal and Shoegaze Deafheaven, Alcest, Amesoeurs Blackgaze
38%
Mid 1990s Indie Rock with catchy, upbeat sounds and lyrics about British life Oasis, Blur, Pulp Britpop
38%
Mid 1980s Mix of Punk Rock and Celtic Rock Dropkick Murphys, Flogging Molly, The Pogues Celtic Punk
38%
Late 1980s Mix of Death Metal and Grindcore Cattle Decapitation, Misery Index, Exhumed Deathgrind
38%
Early 1990s Mix of Death Metal and Rock N' Roll Entombed, Six Feet Under, Gorefest Death 'n' roll
38%
Mid 2000s Mix of Emo and Pop Rock Fall Out Boy, Paramore, All Time Low Emo Pop
38%
Mid 1980s Mix of Heavy Metal and Funk Rock Primus, Faith No More, Living Colour Funk Metal
38%
Late 1980s Grindcore with lyrics about gore Dead Infection, Impetigo, Regurgitate Goregrind
38%
Late 1980s Thrash Metal with slower tempos and more rhythm Pantera, Sepultura, Lamb of God Groove Metal
38%
Late 1960s Rock with influences from Electronic Rock and Psychedelic, hypnotic soundscapes Kraftwerk, Can, Neu! Krautrock
38%
Late 1970s Mix of Heavy Metal and Latin Rock Ill Niño, A.N.I.M.A.L., Puya Latin Metal
38%
Late 2000s Mix of Metalcore and Nu Metal Loathe, Issues, Code Orange Nu Metalcore
38%
Early 1990s Mix of Heavy Metal and Post Rock Neurosis, Isis, Cult of Luna Post Metal
38%
Early 1990s Rock with an emphasis on ambient atmospheres and unusual structure Slint, Tortoise, Godspeed You! Black Emperor Post Rock
38%
Mid 1980s Mix of Doom Metal and Hardcore Punk Melvins, Corrosion of Conformity, Acid Bath Sludge Metal
38%
Mid 1960s Rock that has a simple and acoustic sound The Doobie Brothers, Bread, The Carpenters Soft Rock
38%
Late 1960s Mix of Rock and Country, usually electric guitar Lynyrd Skynyrd, The Allman Brothers Band, 38 Special Southern Rock
38%
Late 1970s Mix of Punk Rock and Synth Pop Devo, Suicide, The Screamers Synth Punk
38%
Late 1980s Heavy metal about vikings, uses flutes and violins Bathory, Falkenbach, Arcturus Viking Metal
38%
Late 1960s Rock that incorporates avant-garde elements or jazz Radiohead, The Velvet Underground, Roxy Music Art Rock
33%
Early 1990s Death Metal with extreme tempo and violent lyrics Suffocation, Dying Fetus, Nile Brutal Death Metal
33%
Late 1960s Mix of Rock and Electronic music Silver Apples, Syrinx, Tonto's Expanding Head Band Electronic Rock
33%
Early 2000s Indie Rock that incorporates the sound of 1960's garage rock The Strokes, Jet, The Hives Garage Rock Revival
33%
Mid 2000s Mix of Indie Rock and Folk Rock Mumford & Sons, Elliott Smith, Bon Iver Indie Folk
33%
Mid 1980s Mix of Indie Rock and Pop Rock Arcade Fire, MGMT, Bastille Indie Pop
33%
Mid 1980s Electronic Rock with aggressive themes and sounds Throbbing Gristle, Skinny Puppy, Killing Joke Industrial Rock
33%
Late 1970s Hardcore Punk with an emphasis on melodies NOFX, Bad Religion, Descendents Melodic Hardcore
33%
Mid 1960s Indie Rock with heavy distortion and feedback and unconventional instruments, sounds, or arrangements Sonic Youth, Dinosaur Jr., Swans Noise Rock
33%
Early 1990s Grindcore music with sexual themes Gut, Cock and Ball Torture, Torsofuck Pornogrind
33%
Mid 1990s Mix of Black Metal and Post Rock Liturgy, Deathspell Omega, Altar of Plagues Post Black Metal
33%
Early 2000s Indie Rock that incorporates the sound of 1980's post punk Arctic Monkeys, The Killers, Interpol Post Punk Revival
33%
Late 1970s Mix of Punk Rock and Funk Rock The Pop Group, A Certain Ratio, The Higsons Punk Funk
33%
Early 1970s Mix of Rock and Reggae music The Police, 311, Men at Work Reggae Rock
33%
Early 1990s Mix of Doom Metal and Psychedelic Rock High on Fire, Weedeater, Electric Wizard Stoner Rock
33%
Late 1970s New Wave with an emphasis on synthesizer and electronic sounds a-ha, Eurythmics, Depeche Mode Synth Pop
33%
Late 1980s Mix of Indie Rock and Hip Hop with atmospheric soundscapes and distorted vocals Gorillaz, Massive Attack, Portishead Trip Hop
33%
Late 1960s Hard Rock with catchy hooks and choruses, and powerful vocals and guitar solos Journey, Foreigner, REO Speedwagon Arena Rock
29%
Late 1970s Post Punk with an emphasis on danceable beats and melodies Duran Duran, INXS, The Human League Dance Rock
29%
Late 1980s Mix of Doom Metal and Death Metal My Dying Bride, Swallow the Sun, Saturnus Death Doom
29%
Late 1980s Indie Rock with atmospheric, psychedelic soundscapes and elements of ambient music Mazzy Star, Cocteau Twins, Beach House Dream Pop
29%
Mid 2000s Mix of Metalcore and Electronic Rock Asking Alexandria, I See Stars, Electric Callboy Electronicore
29%
Late 1990s Indie Rock with themes of geek culture "Weird Al" Yankovic, They Might Be Giants, Nerf Herder Geek Rock
29%
Late 1970s Mix of Psychobilly and Gothic Rock Dave Vanian and the Phantom Chords, Zombie Ghost Train, The Eighties Matchbox B-Line Disaster Gothabilly
29%
Early 1990s Mix of Black Metal and Industrial Metal Blut Aus Nord, Mysticum, Thorns Industrial Black Metal
29%
Late 1980s Mix of Death Metal and Industrial Metal White Zombie, Static-X, Meathook Seed Industrial Death Metal
29%
Mid 1990s Emo that incorporates acoustic and intricate guitar-driven sound American Football, The Get Up Kids, Cap'n Jazz Midwest Emo
29%
Late 1970s Mix of New Wave and Krautrock Nena, Deutsch Amerikanische Freundschaft, Xmal Deutschland Neue Deutsche Welle
29%
Mid 1990s Mix of Black Metal and Progressive Metal Enslaved, Borknagar, Drudkh Progressive Black Metal
29%
Early 1980s Mix of Punk Rock and Blues Rock The White Stripes, PJ Harvey, Jon Spencer Blues Explosion Punk Blues
29%
Late 1970s Mix of Punk Rock and Jazz Rock John Zorn, Arto Lindsay, James Chance Punk Jazz
29%
Early 1990s Mix of Symphonic Metal and Gothic Metal Within Temptation, After Forever, Saviour Machine Symphonic Gothic Metal
29%
Early 1990s Mix of Power Metal and Symphonic Metal Avantasia, Kamelot, Rhapsody of Fire Symphonic Power Metal
29%
Late 1980s Mix of Death Metal and Math Rock Death, Carcass, Pestilence Technical Death Metal
29%
Mid 1990s Mix of Doom Metal and Black Metal Woods of Ypres, Forgotten Tomb, Nortt Black Doom
24%
Mid 2000s Mix of Post Hardcore and Crunk Hollywood Undead, 3OH!3, Brokencyde Crunkcore
24%
Early 1970s Mix of Glam Rock and Proto Punk New York Doll, Hanoi Rocks, Ruby and the Rednecks Glam Punk
24%
Late 1970s Pop Rock that uses Rickenbacker guitars and has catchy upbeat rooks R.E.M., The Smiths, Big Star Jangle Pop
24%
Early 1970s Mix of Rock and Japanese music Happy End, X Japan, Bump of Chicken Japanese Rock
24%
Early 2010s Mix of Heavy Metal and J-pop Babymetal, Dazzle Vision, Ladybaby Kawaii Metal
24%
Early 1990s Black Metal with white supremacist and National Socialist ideologies Absurd, Graveland, Grand Belial's Key National Socialist Black Metal
24%
Late 1970s Punk rock with an emphasis on politics or working-class themes Sham 69, Cockney Rejects, Cock Sparrer Oi!
24%
Mid 1960s Pop Rock with catchy hooks, energetic rhythms and upbeat lovey lyrics The Knack, Cheap Trick, Badfinger Power Pop
24%
Late 1960s Rock that has an authentic and raw sound, came after rock started to branch out The Band, Dire Straits, The Wallflowers Roots Rock
24%
Late 1960s Rock with experimental and atmospheric soundscapes and space and science fiction-related lyrics Pink Floyd, Hawkwind, Angels & Airwaves Space Rock
24%
Late 1960s Mix of Rockabilly and Swamp Blues Creedence Clearwater Revival, Redbone, Little Feat Swamp Rock
24%
Late 1980s Black Metal that talks about conflict and darkness Blasphemy, Archgoat, Impiety War Metal
24%
Mid 1960s More aggressive form of Psychedelic Rock The Doors, The Jimi Hendrix Experience, Moby Grape Acid Rock
19%
Mid 1980s Mix of Heavy Metal and Experimental Rock Celtic Frost, Maudlin of the Well, Gorguts Avant-garde Metal
19%
Late 1970s Mix of Gothic Rock and Electronic Rock Soft Cell, Gary Numan, Clan of Xymox Darkwave
19%
Mid 1990s Black Metal with depressing lyrics and slow tempos Lifelover, Shining, Xasthurs Depressive Suicidal Black Metal
19%
Late 1990s Indie Rock with mellow, minimalist soundscapes Duster, Low, Codeine Slowcore
19%
Early 1990s Doom Metal with an emphasis on distorted, atmospheric soundscapes and slow tempos Earth, Boris, Sunn O))) Drone Metal
19%
Mid 1990s Doom Metal with slow tempos and lyrics about grief Skepticism, Esoteric, Evoken Funeral Doom
19%
Late 1970s Roots Rock with lyrics focusing on nostalgia and America in response to Punk Rock and Glam Rock Tom Petty and the Heartbreakers, E Street Band, The Silver Bullet Band Heartland Rock
19%
Late 1980s Punk Rock with fast-paced rhythms and lyrics about teenage angst Lagwagon, Pennywise, No Use for a Name Skate Punk
19%
Mid 1960s Mix of Pop Rock and Classical music The Left Banke, fun., The Last Shadow Puppets Baroque Pop
14%
Early 1990s Mix of Black Metal and Crust Punk Iskra, Gallhammer, Martyrdöd Blackened Crust
14%
Late 1970s Mix of Punk Rock and Country Rock Social Distortion, The Gun Club, Dash Rip Rock Cowpunk
14%
Early 1980s Mix of Post-Punk and Glam Rock with horror elements Christian Death, 45 Grave, Alien Sex Fiend Deathrock
14%
Early 2000s Electronic grindcore music Genghis Tron, Gigantic Brain, We Came With Broken Teeth Electrogrind
14%
Late 1970s Mix of Heavy Metal and Classical music Yngwie J. Malmsteen, Tony MacAlpine, Vinnie Moore Neoclassical Metal
14%
Early 2000s Mix of Post Hardcore and Chiptune Math the Band, Horse the Band, Sky Eats Airplane Nintendocore
14%
Late 1990s Britpop that incorporates experimental sounds and atmospheric textures Coldplay, Keane, Travis Post Britpop
14%
Early 1990s Emo with intense, aggressive screams and beats Man Is the Bastard, Crossed Out, No Comment Powerviolence
14%
Mid 1990s Black Metal with Marxism, anarchism, and environmentalism ideologies Panopticon, Storm of Sedition, Not a Cost Red and Anarchist Black Metal
14%
Late 1980s Indie Rock with lo-fi soundscapes and humorous lyrics Pavement, Sebadoh, Guided By Voices Slacker Rock
14%
Mid 1980s Mix of Thrash Metal and Math Rock Coroner, Voivod, Vektor Technical Thrash Metal
14%
Early 1980s Hardcore Punk with an emphasis on fast tempos Cryptic Slaughter, Siege, S.O.B. Thrashcore
14%
Early 1990s Mix of Black Metal and Christian Metal Horde, Antestor, Crimson Moonlight Unblack Metal
14%
Early 1980s Mix of Thrash Metal and Black Metal Hellhammer, Skeletonwitch, Deströyer 666 Blackened Thrash Metal
10%
Late 1960s Hard rock with an emphasis on rhythm and dancing ZZ Top, Foghat, Bachman–Turner Overdrive Boogie Rock
10%
Late 1950s Mix of Rock and Mexican music Ritchie Valens, El Chicano, Los Lobos Chicano Rock
10%
Mid 1980s Mix of Thrash Metal and Hardcore Punk Dirty Rotten Imbeciles, Suicidal Tendencies Crossover Thrash
10%
Early 1990s Black Metal with fantasy lyrics Burzum, Mortiis, Depressive Silence Dungeon Synth
10%
Late 1990s Mix of Indie Rock and Electronic Rock The Postal Service, Passion Pit, múm Indietronica
10%
Early 1990s Mix of Industrial Metal and Neue Deutsche Welle Rammstein, Oomph!, Eisbrecher Neue Deutsche Härte
10%
Early 1990s Death Metal with heavy breakdowns and violent lyrics Internal Bleeding, Devourment, Cephalotripsy Slam Death Metal
10%
Mid 1960s Pop Rock with upbeat melodies and lush vocal harmonies The Mamas & the Papas, The Turtles, The Lovin' Spoonful Sunshine Pop
10%
Mid 2000s Mix of Post Hardcore, Math Rock and Pop Rock Dance Gavin Dance, Hail the Sun, Eidola Swancore
10%
Late 1980s Indie Pop with simple lyrics about love and catchy rhythms Belle and Sebastian, Beat Happening, Tiger Trap Twee Pop
10%
Early 2000s Indie Folk with humorous lyrics and a rejection of traditional folk's characteristics AJJ, The Moldy Peaches, Crywank Anti Folk
5%
Late 2000s Indie Rock with an emphasis on dreamy soundscapes and nostalgia Neon Indian, Washed Out, Toro y Moi Chillwave
5%
Mid 2010s Mix of Synthwave and Heavy Metal Carpenter Brut, Perturbator, Dance with the Dead Darksynth
5%
Early 1970s Blues Rock meant to be played live with simple structures Dr. Feelgood, Nick Lowe, Ace Pub Rock
5%
Early 1980s Oi! with a more aggressive sound U.K. Subs, GBH, The Exploited Street Punk
5%
Late 1950s Rock with upbeat rhythms and melodies, prominent guitar and lyrics The Beatles, The Dave Clark Five, The Zombies Beat Rock
0%
Early 1990s Industrial Metal with dark, atmospheric soundscapes and gloomy lyrics 16volt, Chemlab, Cyanotic Coldwave
0%
Early 2000s Mix of Dance Punk and Garage Rock Revival Franz Ferdinand, LCD Soundsystem, Death From Above 1979 Contemporary Dance Punk
0%
Early 1990s Black Metal with an emphasis on melodies Dissection, Sacramentum, Naglfar Melodic Black Death
0%
Late 2000s Rock that incorporates the sound of 1970's hard rock Kings of Leon, The Struts, Greta Van Fleet New Wave of Classic Rock
0%
Early 2010s Mix of Emo and Shoegaze Basement, Citizen, Turnover Soft Grunge
0%
Late 1980s Melodic Death Metal rooted in hardcore punk Entombed, Dismember, Grave Swedish Death Metal
0%
Late 1970s Mix of Punk Rock and Ska music The Specials, Madness, The Selector Two Tone
0%
No matching quizzes found
Score Distribution
Percent of People with Each Score
Percentile by Number Answered
Your Score History
You have not taken this quiz